000
00226 a2200085 4500
020
_a
9780500273807
100
_a
George Savage and Harold Newman
245
_a
Illustrated Dictionary Of Ceramics
260
_b
Thames and Hudson
_c
2000
999
_c
13241
_d
13241